| 000 | 00609nam a22001937a 4500 | ||
|---|---|---|---|
| 003 | OSt | ||
| 005 | 20251023065143.0 | ||
| 008 | 251001b |||||||| |||| 00| 0 eng d | ||
| 020 | _a978-0-471-74816-8. | ||
| 040 |
_aDWCL-Main lib _cOC |
||
| 082 | _aCirc. 647.950151 J79c 2008 | ||
| 100 | _aJones, Terri | ||
| 245 |
_aCulinary calculations : _bsimplified math for culinary professionals |
||
| 260 |
_aN. J. : _bJohn Wiley & Sons, Inc., _cc2008. |
||
| 300 |
_axiii, 240 pages : _billustration ; _c28 cm. |
||
| 504 | _aIncludes index. | ||
| 650 | _21. Food service-Mathematics. | ||
| 942 |
_2ddc _cBK-CIRC _kCirc. _n0 |
||
| 999 |
_c4597 _d4597 |
||